[Event "45th FIDE Chess Olympiad Open"]
[Site "Budapest, Hungary"]
[Date "2024.09.12"]
[Round "2"]
[White "Mendez Ramirez, Victor"]
[Black "Pedro Manuel Envo Engonga Avo"]
[Result "1-0"]
[WhiteElo "2191"]
[BlackElo "1702"]
[PlyCount "89"]
[EventDate "2024.??.??"]
[WhiteTeam "Dominican Republic"]
[BlackTeam "Equatorial Guinea"]
[WhiteTeamCountry "DOM"]
[WhiteClock "0:42:52"]
[BlackClock "0:29:00"]

1. c4 d5 2. cxd5 Nf6 3. Nc3 Nxd5 4. e4 Nb4 5. d3 ({RR} 5. Bc4 Nd3+ 6. Ke2 Nf4+ 7. Kf1 Be6 8. Bxe6 Nxe6 9. d3 Nc6 10. Nf3 Ned4 11. Nxd4 Nxd4 12. Be3 c6 13. Qa4 e5 14. Bxd4 exd4 15. Ne2 Bc5 16. g3 O-O 17. Kg2 Bb6 18. f4 Kh8 19. h4 f5 {½-½ Moroni,L (2584)-Paravyan,D (2620) Titled Tuesday intern op 07th Jun Late blitz 2022 (9)}) 5... g6 ({RR} 5... c5 6. a3 N4c6 7. Nf3 e5 8. Be2 Be7 9. O-O Be6 10. Be3 f6 11. Nh4 O-O 12. g3 Nd4 13. f4 Nbc6 14. f5 Bb3 15. Qd2 Nc2 16. Rac1 Nxe3 17. Qxe3 Qd7 18. Bd1 Bf7 19. Ba4 a6 20. Bxc6 {1-0 Menahem,A (2228)-Schut,H (2077) Titled Tue 18th Jun Early 2024 (4)}) 6. h3 $146 ({RR} 6. Be2 Bg7 7. h3 c5 8. Be3 b6 9. Qd2 O-O 10. Nf3 Bb7 11. O-O N4c6 12. Bh6 Nd4 13. Bxg7 Kxg7 14. Nxd4 Qxd4 15. Rad1 Nc6 16. Nd5 Rad8 17. Kh1 Ne5 18. f4 Bxd5 19. exd5 Nd7 20. Bf3 Nf6 {0-1 Nikolaidis,K (2279)-Ris,R (2415) Porto Carras op 3rd 2008 (5)}) 6... Bg7 7. Nf3 N8c6 8. a3 Na6 9. Be3 O-O 10. d4 Nab8 11. Bc4 Nd7 12. O-O Nb6 13. Ba2 Qd7 14. Qd2 Rd8 15. Rfd1 Na5 16. Qe2 Nc6 17. Rac1 a6 18. Ng5 Rf8 19. d5 Na7 20. f4 Qd8 21. e5 h6 22. Nf3 Bd7 23. e6 Be8 24. exf7+ Bxf7 25. Ne5 Be8 26. d6+ e6 27. Bxe6+ Kh7 28. Bxb6 cxb6 29. d7 Qf6 30. dxe8=Q Rfxe8 31. Bd7 Qxf4 32. Bxe8 Rxe8 33. Nd3 Qd4+ 34. Qf2 Qc4 35. Kh1 Qb3 36. Qc2 Qc4 37. Re1 Rd8 38. Ne5 Qe6 39. Nf3 Qf7 40. Ne4 Kg8 41. Re2 Nc6 42. Rce1 Rf8 43. Nd6 Qc7 44. Qxg6 Rd8 45. Re8+ 1-0

[Event "45th FIDE Chess Olympiad Open"]
[Site "Budapest, Hungary"]
[Date "2024.09.12"]
[Round "2"]
[White "Johnson, Joshua"]
[Black "Morazo, John Ranel"]
[Result "1-0"]
[WhiteElo "2267"]
[BlackElo "2200"]
[PlyCount "141"]
[EventDate "2024.??.??"]
[WhiteTeam "Trinidad & Tobago"]
[BlackTeam "Palau"]
[BlackTeamCountry "PAL"]
[WhiteClock "0:07:19"]
[BlackClock "0:07:17"]

1. e4 c5 2. Nf3 Nc6 3. Bb5 Nf6 4. Nc3 g6 5. e5 Ng4 6. Qe2 Bg7 7. Bxc6 dxc6 8. h3 Nh6 9. Ne4 ({RR} 9. d3 Nf5 10. O-O O-O 11. Bf4 b6 12. Rae1 a5 13. Qe4 Ra7 14. Qe2 a4 15. a3 Nd4 16. Qd1 h6 17. Bh2 Be6 18. Nxd4 cxd4 19. Ne4 Bc8 20. f4 f5 21. exf6 exf6 22. f5 Bxf5 23. Nd6 Bd7 {1-0 Johnson,J (2277)-Ezra,P (2339) Budapest 1 Week Aug GMB 2024 (6.1)}) 9... b6 10. O-O $146 ({RR} 10. Nf6+ Kf8 11. Ne4 f6 12. d3 Nf7 13. Bd2 f5 14. Neg5 Nxg5 15. Nxg5 h6 16. Nf3 Be6 17. Nh4 Kf7 18. f4 c4 19. g4 cxd3 20. cxd3 h5 21. gxf5 Bxf5 22. Nxf5 gxf5 23. O-O-O Qd5 24. Rhg1 Rag8 {½-½ Kovalev,A (2505)-Kalinitschew,S (2455) Berlin East AdW 6th 1989 (8)}) ({RR} 10. d3 Nf5 11. Bg5 O-O 12. c3 f6 13. Bf4 Qd5 14. O-O fxe5 15. c4 Nd4 16. Nxd4 Qxd4 17. Be3 Qd8 18. Rfe1 Bf5 19. Bd2 Qd7 20. Bc3 Bxe4 21. Qxe4 Rf4 22. Qe3 Raf8 23. Re2 R8f5 24. Rae1 Bf6 {0-1 Kovalev,V (2352)-Yu,Y (2574) Moscow Dvorkovich Cup U16 5th 2010 (3)}) ({RR} 10. d3 O-O 11. Bf4 f6 12. O-O Nf5 13. exf6 exf6 14. Rfe1 Ba6 15. Ng3 Nd4 16. Nxd4 Qxd4 17. Qe6+ Kh8 18. Ne4 Rae8 19. Qxc6 f5 20. c3 Qxd3 21. Ng5 Bb5 22. Qc7 Qd7 23. Qxd7 Bxd7 24. Red1 Bb5 {½-½ Toma,K (2324)-Dmochowska,A (1995) POL-chT 1st League 2016 (4.3)}) 10... O-O 11. Rd1 Qc7 12. d3 f6 13. Bf4 fxe5 14. Bh2 Nf7 15. Ned2 Qd8 16. Nc4 Bd7 17. Ncxe5 Be8 18. Re1 a5 19. a4 Ra7 20. Qe3 Nd6 21. c3 Nf5 22. Qe4 Qd5 23. Nc4 Bf7 24. Nxb6 Qb3 25. Qxc6 Qxb2 26. Nd5 Qb7 27. Qxb7 Rxb7 28. Ne3 Bxc3 29. Nxf5 Bxe1 30. Nh6+ Kg7 31. Nxf7 Bc3 32. Be5+ Bxe5 33. N7xe5 Rfb8 34. Nd2 Rb2 35. Nec4 R2b4 36. Ne4 Rc8 37. Kf1 h6 38. Ke2 Rc7 39. Nxa5 Ra7 40. Nc4 Raxa4 41. Rxa4 Rxa4 42. Nxc5 Ra2+ 43. Ke3 Kf6 44. Ne4+ Ke6 45. Nc3 Ra1 46. Ne2 Kf5 47. Nd2 Ra2 48. Nf3 Rb2 49. Nf4 Ra2 50. Nh4+ Kf6 51. Nfxg6 e5 52. f4 exf4+ 53. Nxf4 Ra1 54. Nf3 Rb1 55. g4 Ra1 56. Ke4 Rb1 57. h4 Ra1 58. Nd5+ Kg6 59. Ne5+ Kg7 60. Kf5 Rh1 61. h5 Rd1 62. Nf4 Kh7 63. Kf6 Rf1 64. Neg6 Rd1 65. Kf7 Rf1 66. d4 Rf2 67. d5 Rf1 68. d6 Rf2 69. d7 Rf1 70. Ke7 Re1+ 71. Ne6 1-0

[Event "45th FIDE Chess Olympiad Open"]
[Site "Budapest, Hungary"]
[Date "2024.09.12"]
[Round "2"]
[White "Tan, Santiago Jr"]
[Black "Cabralis, Quinn"]
[Result "0-1"]
[WhiteElo "1903"]
[BlackElo "2169"]
[PlyCount "90"]
[EventDate "2024.??.??"]
[WhiteTeam "Palau"]
[BlackTeam "Trinidad & Tobago"]
[WhiteTeamCountry "PAL"]
[WhiteClock "0:01:59"]
[BlackClock "0:08:40"]

1. e4 c5 2. Nf3 e6 3. c3 d5 4. Bb5+ Bd7 5. Bxd7+ Qxd7 6. exd5 Qxd5 7. d4 Nf6 ({RR} 7... Nc6 8. Be3 cxd4 9. Bxd4 O-O-O 10. Qc2 e5 11. Be3 Nf6 12. O-O Ng4 13. Qf5+ Qd7 14. Qxd7+ Rxd7 15. Bc1 Bc5 16. Nbd2 Re8 17. Ne4 Bb6 18. h3 Nxf2 19. Nxf2 e4 20. Re1 e3 21. Kf1 Ne5 22. Bxe3 {0-1 Maklushov,S-Sargissyan,S (2226) FIDE Disabilities Olym 2023 (1.7)}) 8. O-O Nc6 9. Qb3 $146 ({RR} 9. Qa4 O-O-O 10. c4 Qh5 11. dxc5 Bxc5 12. a3 Ne5 13. Nxe5 Qxe5 14. Nd2 Ng4 15. Nf3 Qe2 16. Bf4 Nxf2 17. b4 Nh3+ 18. Kh1 Nxf4 19. Nh4 Bf2 20. c5 g5 21. Qxa7 Bxh4 22. Qa8+ Kc7 23. Qa5+ Kb8 {0-1 Bondarev,B (2020)-Porozhniak,M (1742) Golubitskaya op 2014 (9)}) ({RR} 9. Qa4 Bd6 10. dxc5 Bxc5 11. Rd1 Qh5 12. b4 Bb6 13. b5 Ne5 14. Nxe5 Qxe5 15. Bf4 Qe2 16. Rf1 O-O 17. Nd2 Rac8 18. Rac1 Rfd8 19. Rc2 Qd3 20. Be5 Nd7 21. Nf3 f6 22. Rd2 Qf5 23. Bd4 Nc5 {½-½ Franco,H-Halsband,M AFA-Cup reserve 1999}) ({RR} 9. Qa4 cxd4 10. Nxd4 Bc5 11. Be3 Bxd4 12. Bxd4 b5 13. Qa3 Nxd4 14. cxd4 Qb7 15. Nd2 a5 16. Nb3 b4 17. Qa4+ Qd7 18. Qxd7+ Kxd7 19. a4 bxa3 20. Rxa3 Rhb8 21. Rxa5 Rxa5 22. Nxa5 Rxb2 23. Nc4 Rb7 {½-½ Lkhagva,J-Schmidt,W Olympiad-21 Preliminaries A 1974 (3)}) 9... Qxb3 10. axb3 cxd4 11. Nxd4 Nxd4 12. cxd4 Be7 13. Nc3 O-O 14. Be3 a5 15. Bg5 Rfd8 16. Rfd1 h6 17. Be3 Nd5 18. h3 Nb4 19. Rd2 Rd7 20. Na4 Nd5 21. Rc1 b5 22. Nc5 Rc7 23. Nd3 Rxc1+ 24. Nxc1 Rc8 25. Nd3 Bd6 26. Kf1 Kf8 27. Ke2 Ke7 28. Kd1 Nb4 29. Nxb4 Bxb4 30. Rd3 Kd6 31. f3 Kd5 32. h4 a4 33. bxa4 bxa4 34. Bf2 Be7 35. g3 Bf6 36. Kd2 Rc4 37. b3 Rb4 38. bxa4 Rxa4 39. Kc3 Rc4+ 40. Kb3 Bxd4 41. g4 e5 42. g5 hxg5 43. hxg5 Rc8 44. f4 Rb8+ 45. Ka4 Kc4 0-1

[Event "45th FIDE Chess Olympiad Open"]
[Site "Budapest, Hungary"]
[Date "2024.09.12"]
[Round "2"]
[White "Harper, Ryan"]
[Black "Salvadora, Angelo"]
[Result "1-0"]
[WhiteElo "2124"]
[BlackElo "1812"]
[PlyCount "69"]
[EventDate "2024.??.??"]
[WhiteTeam "Trinidad & Tobago"]
[BlackTeam "Palau"]
[BlackTeamCountry "PAL"]
[WhiteClock "0:37:34"]
[BlackClock "0:44:04"]

1. d4 d5 2. Bf4 Bf5 3. c4 e6 4. Nc3 c6 5. Qb3 b6 ({RR} 5... Qb6 6. c5 Qxb3 7. axb3 Nd7 8. b4 a6 9. Nf3 Rc8 10. Nd2 Be7 11. Nb3 Bd8 12. e3 Bc7 13. Bg3 Ne7 14. Na5 Bxg3 15. hxg3 Rc7 16. Be2 e5 17. g4 Be6 18. Kd2 O-O 19. Rae1 Rb8 {½-½ Marin,M (2515)-Rausis,I (2575) Andorra op 11th 1993 (9)}) ({RR} 5... Qb6 6. c5 Qxb3 7. axb3 Nd7 8. b4 Ngf6 9. h3 Be7 10. e3 O-O 11. b5 e5 12. dxe5 Ne4 13. Nxe4 Bxe4 14. b4 f6 15. bxc6 bxc6 16. e6 Ne5 17. f3 Bf5 18. Ne2 Nd3+ 19. Kd2 Nxb4 20. Nd4 {1-0 Hambleton,A (2420)-Mingo Fernandez,M (2177) Titled Tue 13th Aug Late 2024 (1)}) 6. Qa4 $146 ({RR} 6. e3 Bd6 7. Bxd6 Qxd6 8. Nf3 Nd7 9. Be2 Ngf6 10. O-O h6 11. cxd5 Nxd5 12. Rac1 O-O 13. Rfd1 Bh7 14. Nd2 Rac8 15. e4 Nf4 16. Ba6 Rcd8 17. Nc4 Qe7 18. Ne3 c5 19. d5 f5 20. dxe6 Ne5 {1-0 Goldbach,A (1855)-Schuett,M (1515) Rostock SSC op 18th 2019 (1)}) ({RR} 6. Nf3 Bd6 7. Bg5 Nf6 8. g3 Nbd7 9. Bg2 O-O 10. Nh4 Bg4 11. e4 dxe4 12. Bxe4 Qc7 13. Bg2 h6 14. Be3 e5 15. O-O Rac8 16. Qc2 exd4 17. Bxd4 c5 18. Be3 Ne5 19. Nb5 Qe7 20. Nxd6 Qxd6 {½-½ Bottazzi,L (1436)-Barp,A (1491) Mogliano Veneto op-C 31st 2010 (3)}) ({RR} 6. e3 Nd7 7. cxd5 cxd5 8. Ba6 e5 9. Bxe5 Nxe5 10. dxe5 Ne7 11. Bb5+ Bd7 12. Nxd5 Nxd5 13. Qxd5 Bxb5 14. Qxb5+ Qd7 15. Qxd7+ Kxd7 16. Nf3 Bb4+ 17. Ke2 Ke7 18. Nd4 Rhc8 19. Rac1 Bc5 20. b4 Bxd4 {1-0 Siraj,A (1964)-Pregelj,S (1529) SLO-ch U16 Portoroz 2018 (2)}) 6... Bd6 7. Bg3 Bxg3 8. hxg3 Qf6 9. Nf3 Ne7 10. Ne5 O-O 11. g4 Bg6 12. e3 c5 13. f4 h6 14. Qd1 cxd4 15. Qxd4 Rd8 16. Rd1 Na6 17. cxd5 Nc5 18. d6 Nc8 19. Nc6 Qxd4 20. Rxd4 Rxd6 21. Ne7+ Kh7 22. Nxc8 Rxd4 23. exd4 Rxc8 24. dxc5 Rxc5 25. Rh3 f6 26. Bd3 Bxd3 27. Rxd3 Rc4 28. g3 Kg6 29. Kf2 a5 30. Rd6 Rb4 31. b3 Kf7 32. Rd7+ Kg6 33. Ke3 e5 34. f5+ Kh7 35. Nd5 1-0

[Event "45th FIDE Chess Olympiad Open"]
[Site "Budapest, Hungary"]
[Date "2024.09.12"]
[Round "2"]
[White "Hasford, John Kojo"]
[Black "Khoder, Akram"]
[Result "0-1"]
[WhiteElo "1956"]
[BlackElo "2239"]
[PlyCount "126"]
[EventDate "2024.??.??"]
[WhiteTeam "Ghana"]
[BlackTeam "Lebanon"]
[WhiteTeamCountry "GHA"]
[BlackTeamCountry "LBN"]
[WhiteClock "0:18:51"]
[BlackClock "1:02:37"]

1. d4 d5 2. Nf3 Nf6 3. c4 c6 4. Nc3 dxc4 5. a4 Bf5 6. e3 e6 7. Bxc4 Bb4 8. O-O O-O 9. Qb3 c5 10. Na2 ({RR} 10. dxc5 Nc6 11. Nd4 Qb8 12. Nxf5 exf5 13. Nd5 Nxd5 14. Bxd5 Bxc5 15. Bd2 Qd6 16. Bc3 Rad8 17. Rad1 Qc7 18. g3 Bd6 19. Qb5 g6 20. Bxc6 bxc6 21. Qa5 Rfe8 22. Rd4 c5 23. Qxc7 Bxc7 24. Rc4 Rd5 {½-½ Onischuk,A (2665)-Holt,C (2530) USA-ch Saint Louis 2015 (4)}) 10... Nc6 11. Nxb4 Nxb4 $146 ({RR} 11... Na5 12. Qa2 cxb4 13. b3 Nxc4 14. bxc4 a5 15. Qe2 Rc8 16. Bb2 Nd7 17. Nd2 Bg6 18. e4 f6 19. h4 h5 20. Rfd1 Qc7 21. Rdc1 b6 22. Qf3 Rfd8 23. g4 Ne5 24. dxe5 Rxd2 25. gxh5 Bxh5 26. Qxh5 {½-½ Olsson,L (2254)-Furhoff,J (2309) SWE-chT 0203 2002 (1)}) ({RR} 11... Na5 12. Qa2 cxb4 13. Ne5 Nxc4 14. Qxc4 a5 15. Qb5 Rc8 16. Qxb7 Be4 17. Qb5 Rc2 18. f3 Bd5 19. Qd3 Qc7 20. Rf2 Rxc1+ 21. Rxc1 Qxc1+ 22. Rf1 Qxb2 23. e4 Bb3 24. Rb1 Bc2 25. Rxb2 Bxd3 26. Nxd3 {0-1 Emeliantsev,A (2359)-Alvarez Fernandez,E (2299) Titled Tue 18th Jun Early 2024 (9)}) ({RR} 11... Na5 12. Qa2 cxb4 13. Bd2 Qe7 14. Rfc1 Rac8 15. Ne5 Rfd8 16. f3 Nd7 17. Nxd7 Rxd7 18. Bb5 Rdc7 19. Rxc7 Rxc7 20. e4 Bg6 21. Rc1 Rxc1+ 22. Bxc1 b3 23. Qb1 f5 24. Bd2 Nc6 25. Bxc6 bxc6 26. Qd3 {½-½ Voltolini,G (2126)-Haag,M (2267) Arco op 38th 2016 (7)}) ({RR} 11... Na5 12. Qa2 cxb4 13. Bd2 Qd6 14. Rfc1 Rac8 15. Ne5 Ng4 16. Nxg4 Bxg4 17. Be1 Bf5 18. f3 Qb6 19. b3 Nxc4 20. Rxc4 Rxc4 21. a5 Qb5 22. bxc4 b3 23. cxb5 bxa2 24. e4 Bg6 25. Rxa2 f5 26. Bb4 {1-0 Ikonnikov,V (2499)-Lenaerts,L (2355) Leiden op-A 13th 2019 (3)}) 12. dxc5 Nc2 13. Ra2 Nd7 14. Qc3 a5 15. b3 Nb4 16. Rd2 Qf6 17. Qxf6 Nxf6 18. Nd4 Ne4 19. Rdd1 Bg6 20. Ba3 Nxc5 21. Bxb4 axb4 22. f3 e5 23. Nb5 Bc2 24. Rd5 Nxb3 25. Rf2 Na1 26. Rxc2 Nxc2 27. Bb3 Nxe3 28. Rxe5 Rfe8 29. Rxe8+ Rxe8 30. Kf2 Nf5 31. g4 Ne7 32. Nd6 Rd8 33. Nxb7 Rd3 34. Na5 Rc3 35. Bd1 Nd5 36. Ke2 Ne3 37. Bb3 Nc2 38. Bxc2 Rxc2+ 39. Kd3 Ra2 40. Nb3 Rxa4 41. Kc4 Ra2 42. h4 g6 43. Kxb4 Rh2 44. Kc4 Rxh4 45. Kd3 h5 46. gxh5 Rxh5 47. Ke3 Re5+ 48. Kf4 Rb5 49. Nd2 Rb4+ 50. Kg3 Kg7 51. Ne4 f5 52. Ng5 Kh6 53. f4 Kh5 54. Nf3 Rb3 55. Kf2 Kg4 56. Ne5+ Kxf4 57. Nxg6+ Ke4 58. Nh4 f4 59. Ng2 Rb2+ 60. Kf1 f3 61. Nh4 Kf4 62. Kg1 Ra2 63. Kf1 Rh2 0-1

[Event "45th FIDE Chess Olympiad Open"]
[Site "Budapest, Hungary"]
[Date "2024.09.12"]
[Round "2"]
[White "Arkadan, Adib"]
[Black "Anquandah, Francis Eric"]
[Result "1-0"]
[WhiteElo "2181"]
[BlackElo "1941"]
[PlyCount "87"]
[EventDate "2024.??.??"]
[WhiteTeam "Lebanon"]
[BlackTeam "Ghana"]
[WhiteTeamCountry "LBN"]
[BlackTeamCountry "GHA"]
[WhiteClock "0:09:01"]
[BlackClock "0:06:33"]

1. Nf3 Nf6 2. c4 e6 3. Nc3 d5 4. d4 Be7 5. Bg5 O-O 6. e3 c6 7. Qc2 h6 8. Bh4 Nbd7 9. Bd3 dxc4 10. Bxc4 Nd5 11. Bg3 b5 ({RR} 11... Nxc3 12. bxc3 c5 13. O-O Nb6 14. Bd3 Bd7 15. Bh7+ Kh8 16. Be4 Qc8 17. Ne5 Ba4 18. Qe2 Nd7 19. Rab1 Bc6 20. Nxc6 bxc6 21. Qf3 Nb8 22. Be5 f5 23. Qg3 Bf6 24. Bd3 Bxe5 25. Qxe5 cxd4 26. cxd4 {1-0 Kasparov,G (2790)-Anand,V (2690) Paris Immopar rapid 1992 (4)}) ({RR} 11... N7b6 12. Nxd5 exd5 13. Bd3 Be6 14. O-O Nc8 15. Rad1 Nd6 16. e4 dxe4 17. Bxe4 Nxe4 18. Qxe4 Bxa2 19. Rfe1 Bf6 20. Ne5 Bd5 21. Qd3 Re8 22. Ng4 Rxe1+ 23. Rxe1 Bh4 24. Be5 Qg5 25. Ne3 Be6 26. g3 {1-0 De Brito,A-Rodrigues Franca,C (1556) II Manaus Open 2023 (7.35)}) 12. Be2 Bb7 13. O-O a6 14. Ne4 $146 ({RR} 14. Rfd1 Rc8 15. e4 N5f6 16. a3 Qb6 17. b4 Rfd8 18. h3 Nf8 19. e5 Nd5 20. Ne4 a5 21. Rab1 axb4 22. axb4 Nxb4 23. Qb3 Nd5 24. Rbc1 Ra8 25. Nc5 Bxc5 26. Rxc5 Ra4 27. Bxb5 Rb4 28. Qd3 Rxb5 {0-1 Slak,M (2205)-Stanic,S Ljubljana op 6th 1995 (7)}) 14... Qb6 15. Ne5 Nxe5 16. Bxe5 Nb4 17. Qc3 a5 18. Nc5 Rfd8 19. Bf3 Rac8 20. a3 Nd5 21. Qc2 Ba8 22. Rac1 Nf6 23. Qb3 Nd5 24. h3 a4 25. Qc2 Bxc5 26. dxc5 Qb7 27. Rfd1 f6 28. Bg3 Qf7 29. Rd2 Ne7 30. Rcd1 Rxd2 31. Rxd2 f5 32. Rd6 Nd5 33. Be5 Rf8 34. Qd2 Kh7 35. Qd4 Bb7 36. Qh4 Re8 37. e4 fxe4 38. Bxe4+ g6 39. Qg3 Re7 40. Rd8 Nf6 41. Bxg6+ Qxg6 42. Rh8+ Kg7 43. Rg8+ Kxg8 44. Qxg6+ 1-0

[Event "45th FIDE Chess Olympiad Open"]
[Site "Budapest, Hungary"]
[Date "2024.09.12"]
[Round "2"]
[White "Fomevor, Cephas Clinton"]
[Black "Assaad, Joe"]
[Result "0-1"]
[WhiteElo "1873"]
[BlackElo "2150"]
[PlyCount "98"]
[EventDate "2024.??.??"]
[WhiteTeam "Ghana"]
[BlackTeam "Lebanon"]
[WhiteTeamCountry "GHA"]
[BlackTeamCountry "LBN"]
[WhiteClock "0:31:10"]
[BlackClock "0:32:37"]

1. d4 Nf6 2. c4 e6 3. Nc3 Bb4 4. Qc2 O-O 5. Nf3 c5 6. Bg5 h6 7. Bh4 ({RR} 7. Bxf6 Qxf6 8. a3 Bxc3+ 9. Qxc3 b6 10. e3 Nc6 11. Be2 d5 12. dxc5 Qxc3+ 13. bxc3 bxc5 14. Rb1 Rb8 15. Rxb8 Nxb8 16. cxd5 exd5 17. Kd2 Bf5 18. Bd3 Bxd3 19. Kxd3 Nd7 20. Rb1 Nb6 21. Rb5 Rc8 {1-0 Seirawan,Y (2595)-Dizdar,G (2505) Sarajevo 1987}) 7... g5 ({RR} 7... Nc6 8. e3 d5 9. cxd5 exd5 10. dxc5 d4 11. Rd1 Bg4 12. a3 Bxf3 13. gxf3 Bxc5 14. Rg1 Bb6 15. Bc4 Ne5 16. Qf5 Kh8 17. Qxe5 Bc7 18. Qf5 Qe7 19. Nd5 Qe5 20. Qxe5 Bxe5 21. Nxf6 Bxf6 22. Bxf6 {1-0 Tischler Lema Garcia,M (1512)-De Oliveira,T (1731) IV Niteroi Chess Open 2024 (5.52)}) 8. Bg3 cxd4 $146 ({RR} 8... g4 9. Nd2 cxd4 10. Nb5 Nc6 11. a3 Bxd2+ 12. Qxd2 Ne4 13. Qxh6 Qa5+ 14. Kd1 Qa4+ 15. Ke1 {½-½ Abdul Rahman,A-Safarli,E (2210) Dubai-ch U18 2002 (2)}) ({RR} 8... g4 9. Nd2 cxd4 10. Nb5 Nc6 11. Bc7 Qe7 12. a3 Bc5 13. b4 a6 14. bxc5 axb5 15. Bd6 Qd8 16. Bxf8 Kxf8 17. cxb5 Nb4 18. Qb3 Qa5 19. Rb1 Nbd5 20. Qd3 Nc3 21. Rb3 e5 22. e3 Nfe4 23. exd4 {1-0 Jorgensen,M (1491)-Jensen,J (1624) Roskilde 100 years 2008 (8)}) ({RR} 8... Nc6 9. Bd6 cxd4 10. Bxf8 Kxf8 11. a3 Qa5 12. Rc1 dxc3 13. axb4 Nxb4 14. Qxc3 Ne4 15. Qa3 Qc5 16. Qe3 Qa5 17. Qa3 Qc5 18. Qe3 Qa5 {½-½ Prmagambetov,A-Abdijapar,A KGZ-ch Bishkek 2009 (1)}) 9. Nxd4 d5 10. e3 Ne4 11. cxd5 exd5 12. Bd3 Bxc3+ 13. bxc3 f5 14. Bxe4 fxe4 15. O-O Nc6 16. Nxc6 bxc6 17. Rfd1 Ba6 18. Qa4 Bb5 19. Qd4 Bd3 20. Rd2 Rf7 21. Rb2 h5 22. a4 h4 23. Be5 Qd7 24. Qc5 Qf5 25. Bd6 Rc8 26. h3 g4 27. hxg4 Qxg4 28. Be5 Be2 29. Rxe2 Qxe2 30. Rf1 Qg4 31. Qd6 h3 32. Bg3 hxg2 33. Kxg2 Qf3+ 34. Kg1 Rcf8 35. Qg6+ Rg7 36. Qe6+ Qf7 37. Qxf7+ Rfxf7 38. Rb1 Rb7 39. Rxb7 Rxb7 40. Bd6 Rb1+ 41. Kg2 Ra1 42. Kg3 Kf7 43. f3 exf3 44. Kxf3 Rxa4 45. Bc5 Ke6 46. Ke2 a5 47. Kd3 Kf5 48. Kc2 Ke4 49. Kb3 Rc4 0-1

[Event "45th FIDE Chess Olympiad Open"]
[Site "Budapest, Hungary"]
[Date "2024.09.12"]
[Round "2"]
[White "Kassis, Antoine"]
[Black "Frempong-Smart Daniel"]
[Result "1-0"]
[WhiteElo "2085"]
[BlackElo "1863"]
[PlyCount "100"]
[EventDate "2024.??.??"]
[WhiteTeam "Lebanon"]
[BlackTeam "Ghana"]
[WhiteTeamCountry "LBN"]
[BlackTeamCountry "GHA"]
[WhiteClock "0:13:09"]
[BlackClock "0:35:20"]

1. e4 e5 2. Nf3 Nf6 3. d4 Nxe4 4. dxe5 d5 5. Nbd2 Be7 6. Bd3 ({RR} 6. Nxe4 dxe4 7. Qxd8+ Bxd8 8. Nd4 c6 9. Bf4 Nd7 10. Nf5 O-O 11. Nd6 Ba5+ 12. c3 Bc7 13. O-O-O Bxd6 14. exd6 Nb6 15. c4 Be6 16. b3 a5 17. Be2 a4 18. Kb2 axb3 19. axb3 Nd7 20. Ra1 f5 {½-½ Ivanchuk,V (2781)-Wang,Y (2704) Sochi FIDE GP 2008 (13)}) ({RR} 6. Be2 O-O 7. O-O Nc5 8. Nb3 Ne6 9. Nbd4 Nxd4 10. Qxd4 c5 11. Qf4 Nc6 12. Qg3 Bf5 13. c3 d4 14. Rd1 d3 15. Bf1 c4 16. Bh6 g6 17. Bxf8 Bxf8 18. Qf4 b5 19. a4 a6 20. g4 Be6 {1-0 Macak,S (2354)-Castro Quijano,E (2103) 35th Roquetas de Mar Open 2024 (2.21)}) 6... Nc5 7. Be2 Bf5 $146 ({RR} 7... Ne6 8. Nb3 O-O 9. O-O c5 10. c3 Nc6 11. Be3 b6 12. Qc2 Re8 13. Rad1 Nc7 14. Rfe1 Be6 15. Bd3 h6 16. Qe2 Qc8 17. Bb1 Bf5 18. Qd2 Bxb1 19. Rxb1 Bf8 20. Bf4 Qe6 21. Rbd1 Ne7 22. h3 {½-½ Zherebukh,Y (2068)-Ipatov,A (2149) UKR-ch U12 sf 2004 (6)}) ({RR} 7... O-O 8. O-O Nc6 9. Nb3 Nxb3 10. axb3 Bf5 11. c3 f6 12. exf6 Bxf6 13. Be3 a6 14. Ra4 Ne5 15. Bd4 Nxf3+ 16. Bxf3 c6 17. Re1 Bxd4 18. Rxd4 Re8 19. h3 Rxe1+ 20. Qxe1 Qe8 21. Qd2 Qe5 22. c4 {1-0 Bernard,J (2224)-Carre,S (2069) Montpellier op 4th 2009 (6)}) ({RR} 7... O-O 8. O-O Nc6 9. Nb3 Nxb3 10. axb3 f6 11. exf6 Bxf6 12. Ra4 Bf5 13. c3 a6 14. Be3 Qd7 15. b4 Qf7 16. Qd2 Ne5 17. Nxe5 Bxe5 18. f4 Bd6 19. Bf3 Be4 20. Bxe4 dxe4 21. Qe2 Qe6 22. Ra5 {1-0 Tari,A (2521)-Andersen,L (2279) NOR-chT 1516 2015 (3.1)}) 8. O-O O-O 9. Nd4 Bd7 10. f4 Ne6 11. N2f3 Nxd4 12. Nxd4 c5 13. Nb3 Bf5 14. Bf3 c4 15. Nd4 Bc5 16. Kh1 Be4 17. Bxe4 dxe4 18. Nf5 g6 19. Ng3 f5 20. exf6 Qxd1 21. Rxd1 Re8 22. Re1 e3 23. Nf1 Bd4 24. c3 Bxf6 25. Bxe3 Nc6 26. Rad1 Rad8 27. Kg1 b5 28. a3 a5 29. Bb6 Rxe1 30. Rxe1 Rd6 31. Ng3 Kf7 32. Ne4 Re6 33. Bc5 Kg7 34. Kf2 Be7 35. Bxe7 Rxe7 36. Nd6 Rd7 37. Nxb5 Rb7 38. a4 Ne7 39. Re4 Nd5 40. Rxc4 Re7 41. Rd4 Nf6 42. h3 Ne4+ 43. Kf3 Nc5 44. Nd6 Re1 45. Ne4 Ne6 46. Rd7+ Kh6 47. Re7 Nf8 48. g4 Rf1+ 49. Kg3 Rg1+ 50. Kf2 Rb1 1-0

[Event "45th FIDE Chess Olympiad Open"]
[Site "Budapest, Hungary"]
[Date "2024.09.12"]
[Round "2"]
[White "Lee, Junhyeok"]
[Black "Hemam, Moulaye Brahim"]
[Result "1-0"]
[WhiteElo "2364"]
[BlackElo "1977"]
[PlyCount "128"]
[EventDate "2024.??.??"]
[WhiteTeam "South Korea"]
[BlackTeam "Mauritania"]
[BlackTeamCountry "MAU"]
[WhiteClock "0:00:47"]
[BlackClock "0:00:31"]

1. e4 e6 2. d4 d5 3. Nc3 Nf6 4. e5 Nfd7 5. f4 c5 6. Nf3 Nc6 7. Be3 cxd4 8. Nxd4 Bc5 9. Qd2 Nxd4 10. Bxd4 Bxd4 11. Qxd4 Qb6 12. Nb5 Qxd4 13. Nxd4 a6 14. h4 Nb8 ({RR} 14... h5 15. Rh3 Nb8 16. Rg3 g6 17. c4 Nc6 18. O-O-O Nxd4 19. Rxd4 dxc4 20. Rxc4 Bd7 21. Rc7 Bc6 22. Rd3 O-O 23. Kd2 Rac8 24. Rxc8 Rxc8 25. Rc3 Rd8+ 26. Ke3 Rc8 27. g3 Kf8 28. Bg2 Ke7 29. Bxc6 {½-½ Dominguez Perez,L (2748)-Goltsev,D (2170) Titled Tue 23rd Jul Late 2024 (4)}) 15. h5 Nc6 $146 ({RR} 15... Bd7 16. h6 g6 17. O-O-O Nc6 18. Nf3 Rc8 19. Kb1 O-O 20. g3 Ne7 21. Bh3 Rc7 22. Rd2 a5 23. Nd4 b5 24. c3 Rb8 25. Rc2 Nc6 26. Nf3 Rcb7 27. b3 b4 28. c4 dxc4 29. Rxc4 Ne7 30. Nd4 {1-0 Gallagher,J (2514)-Blalock,R (2184) Lisbon Summer op 2000 (2)}) 16. Nf3 Bd7 17. h6 g6 18. Bd3 Rc8 19. Kd2 Ke7 20. b3 Na7 21. a4 Nc6 22. Rhc1 f6 23. exf6+ Kxf6 24. Re1 Rhe8 25. Re2 Re7 26. Rae1 Rce8 27. Ne5 Nxe5 28. Rxe5 b5 29. a5 Rc8 30. g4 Ree8 31. b4 Rg8 32. f5 gxf5 33. gxf5 Rg2+ 34. Kd1 Rg5 35. Rxe6+ Bxe6 36. Rxe6+ Kf7 37. Rxa6 Rg4 38. Ra7+ Kf6 39. Rxh7 Rxb4 40. a6 Ra8 41. Rg7 Rh4 42. Rg6+ Ke5 43. Re6+ Kd4 44. Bxb5 Rh1+ 45. Kd2 Rh2+ 46. Kc1 Rh1+ 47. Kd2 Rh2+ 48. Be2 Rf2 49. f6 Rf8 50. h7 Rh2 51. a7 Rxh7 52. Re7 Rhh8 53. f7 Ra8 54. Bb5 Kc5 55. Be8 Kb6 56. Ke3 Kc5 57. Kf4 Kd6 58. Rd7+ Ke6 59. Rb7 Kf6 60. Bc6 Rad8 61. Rd7 Rdf8 62. Bxd5 Rh4+ 63. Ke3 Ke5 64. a8=Q Rh3+ 1-0